| Tag |
First Indicator |
Second Indicator |
Subfields |
| LEADER |
00000nam a2200000 a 4500 |
| 001 |
in00004787113 |
| 003 |
OCoLC |
| 006 |
m o d |
| 007 |
cr cnu|||||||| |
| 008 |
240309s2024 lau ob 001 0 eng d |
| 005 |
20250816191408.6 |
| 019 |
|
|
|a 1426007452
|
| 020 |
|
|
|a 9780807181805
|
| 020 |
|
|
|a 0807181803
|
| 020 |
|
|
|z 9780807181324
|
| 020 |
|
|
|z 0807181323
|
| 024 |
8 |
|
|a 99996183939
|
| 035 |
|
|
|a (OCoLC)1424751893
|z (OCoLC)1426007452
|
| 040 |
|
|
|a EBLCP
|b eng
|c EBLCP
|d OCLCO
|d YDX
|d UKAHL
|d UPP
|d OCLCO
|
| 050 |
|
4 |
|a BL2490
|b .A653 2024
|
| 082 |
0 |
4 |
|a 299.6/750977
|2 23/eng/20231026
|
| 100 |
1 |
|
|a Anderson, Jeffrey E.,
|d 1974-
|e author.
|
| 245 |
1 |
0 |
|a Voodoo :
|b an African American religion /
|c Jeffrey E. Anderson.
|
| 260 |
|
|
|a Baton Rouge :
|b Louisiana State University Press,
|c 2024.
|
| 300 |
|
|
|a 1 online resource ( xi, 256 p.) :
|b illustrations.
|
| 336 |
|
|
|a text
|b txt
|2 rdacontent
|
| 337 |
|
|
|a computer
|b c
|2 rdamedia
|
| 338 |
|
|
|a online resource
|b cr
|2 rdacarrier
|
| 500 |
|
|
|a Description based upon print version of record.
|
| 505 |
0 |
|
|a Cover -- Contents -- Acknowledgments -- Introduction: What Is in a Name? -- 1 The Peoples of the Mississippi River Valley -- 2 African Spirits in the Mississippi River Valley -- 3 The Voodoos and Their Work -- 4 Working with the Spirits -- 5 The Death of a Religion? -- Conclusion: Whose Voodoo? -- Appendix: Mississippi River Valley Voodoo Chants, Songs, and Prayers -- Notes -- Bibliography -- Index
|
| 650 |
|
0 |
|a Vodou
|z Mississippi River Valley.
|
| 650 |
|
0 |
|a Vodou
|z Mississippi River Valley
|x History.
|
| 650 |
|
0 |
|a Vodou
|z Louisiana
|z New Orleans.
|
| 650 |
|
0 |
|a African Americans
|x Religion.
|
| 650 |
|
6 |
|a Vaudou
|z Louisiane
|z La Nouvelle-Orléans.
|
| 650 |
|
6 |
|a Noirs américains
|x Religion.
|
| 650 |
|
6 |
|a Vaudou
|z Mississippi, Vallée du.
|
| 650 |
|
6 |
|a Vaudou
|z Mississippi, Vallée du
|x Histoire.
|
| 650 |
|
7 |
|a African Americans
|x Religion
|2 fast
|
| 650 |
|
7 |
|a Vodou
|2 fast
|
| 651 |
|
7 |
|a Louisiana
|z New Orleans
|2 fast
|
| 651 |
|
7 |
|a Mississippi River Valley
|2 fast
|
| 655 |
|
7 |
|a Electronic books.
|2 local
|
| 710 |
2 |
|
|a EBSCOhost
|
| 776 |
1 |
8 |
|i Print version:
|a Anderson, Jeffrey E.
|t Voodoo
|d Baton Rouge : LSU Press,c2024
|z 9780807181324
|
| 856 |
4 |
0 |
|u http://proxy.library.tamu.edu/login?url=https://search.ebscohost.com/login.aspx?direct=true&scope=site&db=nlebk&db=nlabk&AN=3711027
|z Connect to the full text of this electronic book
|t 0
|
| 945 |
|
|
|b 37074
|
| 955 |
|
|
|a YBP purchased firm e-records
|
| 980 |
|
|
|b usergen
|c 99996183939
|g 565754
|k USD
|m 83.56
|q 1
|s AcqMono Conventional
|t Purchase at vendor system
|u Vendor order reference number
|v ZYBP
|y Staff - electronic
|z Electronic resource
|
| 999 |
f |
f |
|i e834c3d1-4e02-45a7-96ca-de2565a4e882
|s 4c42675d-5701-448e-b47e-44d49c673480
|t 0
|
| 952 |
f |
f |
|a Texas A&M University
|b College Station
|c Electronic Resources
|d Available Online
|t 0
|e BL2490 .A653 2024
|h Library of Congress classification
|
| 998 |
f |
f |
|a BL2490 .A653 2024
|t 0
|l Available Online
|